Online katalóg knižníc regiónu Turca

Až na dno (Record no. 22434)

MARC details
000 -LEADER
fixed length control field 01046cam a2200325 a 4500
001 - CONTROL NUMBER
control field 22434
003 - CONTROL NUMBER IDENTIFIER
control field SK-KTurca
005 - DATE AND TIME OF LATEST TRANSACTION
control field 20260328112734.0
008 - FIXED-LENGTH DATA ELEMENTS--GENERAL INFORMATION
fixed length control field 240606s1994 xo e 0000f slo
015 ## - NATIONAL BIBLIOGRAPHY NUMBER
National bibliography number SNBA1994/05
020 ## - INTERNATIONAL STANDARD BOOK NUMBER
International Standard Book Number 8071181005
Qualifying information (viaz.)
035 ## - SYSTEM CONTROL NUMBER
System control number SNK000017973
040 ## - CATALOGING SOURCE
Original cataloging agency SNK
Language of cataloging slo
Transcribing agency SNK
Description conventions AACR2
041 1# - LANGUAGE CODE
Language code of text/sound track or separate title slo
Language code of original eng
044 ## - COUNTRY OF PUBLISHING/PRODUCING ENTITY CODE
MARC country code xo
ISO country code SK
080 ## - UNIVERSAL DECIMAL CLASSIFICATION NUMBER
Universal Decimal Classification number 820 (71)-3
Edition identifier 1981
100 1# - MAIN ENTRY--PERSONAL NAME
Personal name Fielding, Joy,
Dates associated with a name 1945-
Relationship aut
240 14 - UNIFORM TITLE
Uniform title The deep end
Language of a work Slovensky
245 10 - TITLE STATEMENT
Title Až na dno
Statement of responsibility, etc. Joy Fieldingová ; z anglického originálu The deep end ... preložila Oľga Kralovičová
260 ## - PUBLICATION, DISTRIBUTION, ETC.
Place of publication, distribution, etc. Bratislava
Name of publisher, distributor, etc. Ikar
Date of publication, distribution, etc. 1994
Place of manufacture Banská Bystrica
Manufacturer Tlačiarne BB
300 ## - PHYSICAL DESCRIPTION
Extent 319 s.
Dimensions 21 cm
655 #7 - INDEX TERM--GENRE/FORM
Genre/form data or focus term kanadské romány (anglicky)
Source of term SNKPH
655 #7 - INDEX TERM--GENRE/FORM
Genre/form data or focus term psychologické romány
Source of term SNKPH
700 1# - ADDED ENTRY--PERSONAL NAME
Personal name Kralovičová, Oľga,
Dates associated with a name 1957-
Relationship trl
700 1# - ADDED ENTRY--PERSONAL NAME
Personal name Hrabušická, Renáta
Relationship ill
700 1# - ADDED ENTRY--PERSONAL NAME
Personal name Fabianová, Viera
Relationship bjk
942 ## - ADDED ENTRY ELEMENTS (KOHA)
Source of classification or shelving scheme Dewey Decimal Classification
Koha item type Krásna literatúra pre dospelých
Suppress in OPAC No
Holdings
Stav vyradenia Strata Poškodenie Spôsob nadobudnutia Domovská knižnica Aktuálna knižnica Dátum nadobudnutia Total checkouts Čiarový kód exemplára Date last seen Typ exemplára
      Dar Obecná knižnica Horná Štubňa Obecná knižnica Horná Štubňa 28.03.2026   4736202005 28.03.2026 Krásna literatúra pre dospelých
      Dar Obecná knižnica Turčianska Štiavnička Obecná knižnica Turčianska Štiavnička 29.04.2026   4738001064 29.04.2026 Krásna literatúra pre dospelých
Projekt je podporený Slovenskou asociáciou knižníc
Prevádzkuje Turčianska knižnica Martin 2026